Top XIs: Paris Saint-Germain (1975-2023) - Statistics

General Stats
  • This quiz has been taken 705 times
    674 since last reset
  • The average score is 136 of 500
Answer Stats
Hint Position Answer % Correct
2017/2018 ST Kylian Mbappé
98%
2018/2019 ST Kylian Mbappé
98%
2019/2020 ST Kylian Mbappé
98%
2019/2020 (UCL F) ST Kylian Mbappé
98%
2020/2021 ST Kylian Mbappé
98%
2020/2021 (UCL) ST Kylian Mbappé
98%
2021/2022 ST Kylian Mbappé
98%
2022/2023 ST Kylian Mbappé
98%
2017/2018 ST Neymar
97%
2019/2020 (UCL F) ST Neymar
97%
2020/2021 (UCL) ST Neymar
97%
2021/2022 ST Neymar
97%
2022/2023 ST Neymar
97%
2021/2022 ST Lionel Messi
94%
2022/2023 ST Lionel Messi
94%
2012/2013 ST Zlatan Ibrahimović
94%
2013/2014 ST Zlatan Ibrahimović
94%
2014/2015 ST Zlatan Ibrahimović
94%
2015/2016 ST Zlatan Ibrahimović
94%
2013/2014 ST Edinson Cavani
92%
2014/2015 ST Edinson Cavani
92%
2015/2016 ST Edinson Cavani
92%
2016/2017 ST Edinson Cavani
92%
2017/2018 ST Edinson Cavani
92%
2018/2019 ST Edinson Cavani
92%
2016/2017 DF Marquinhos
91%
2017/2018 DF Marquinhos
91%
2018/2019 MF Marquinhos
91%
2019/2020 (UCL F) MF Marquinhos
91%
2020/2021 DF Marquinhos
91%
2020/2021 (UCL) DF Marquinhos
91%
2021/2022 DF Marquinhos
91%
2022/2023 DF Marquinhos
91%
2019/2020 DF Thiago Silva
90%
2012/2013 DF Thiago Silva
90%
2013/2014 DF Thiago Silva
90%
2014/2015 DF Thiago Silva
90%
2015/2016 DF Thiago Silva
90%
2016/2017 DF Thiago Silva
90%
2018/2019 DF Thiago Silva
90%
2019/2020 (UCL F) DF Thiago Silva
90%
2012/2013 MF Marco Verratti
88%
2013/2014 MF Marco Verratti
88%
2014/2015 MF Marco Verratti
88%
2016/2017 MF Marco Verratti
88%
2017/2018 MF Marco Verratti
88%
2018/2019 MF Marco Verratti
88%
2019/2020 MF Marco Verratti
88%
2022/2023 MF Marco Verratti
88%
2017/2018 DF Presnel Kimpembe
80%
2018/2019 DF Presnel Kimpembe
80%
2019/2020 (UCL F) DF Presnel Kimpembe
80%
2020/2021 DF Presnel Kimpembe
80%
2020/2021 (UCL) DF Presnel Kimpembe
80%
2021/2022 DF Presnel Kimpembe
80%
2001/2002 MF Ronaldinho
77%
2002/2003 MF Ronaldinho
77%
2015/2016 MF Ángel Di María
76%
2016/2017 MF Ángel Di María
76%
2018/2019 MF Ángel Di María
76%
2019/2020 MF Ángel Di María
76%
2019/2020 (UCL F) MF Ángel Di María
76%
2020/2021 MF Ángel Di María
76%
2020/2021 (UCL) MF Ángel Di María
76%
2021/2022 DF Achraf Hakimi
75%
2022/2023 DF Achraf Hakimi
75%
2021/2022 DF Nuno Mendes
69%
2022/2023 DF Nuno Mendes
69%
2022/2023 DF Sergio Ramos
69%
2011/2012 MF Blaise Matuidi
67%
2012/2013 MF Blaise Matuidi
67%
2013/2014 MF Blaise Matuidi
67%
2014/2015 MF Blaise Matuidi
67%
2015/2016 MF Blaise Matuidi
67%
2016/2017 MF Blaise Matuidi
67%
2014/2015 DF David Luiz
67%
2015/2016 DF David Luiz
67%
2012/2013 ST Ezequiel Lavezzi
66%
2013/2014 ST Ezequiel Lavezzi
66%
2018/2019 MF Julian Draxler
65%
2013/2014 MF Thiago Motta
65%
2014/2015 MF Thiago Motta
65%
2015/2016 MF Thiago Motta
65%
2016/2017 MF Adrien Rabiot
64%
2017/2018 MF Adrien Rabiot
64%
2011/2012 MF Javier Pastore
64%
2012/2013 MF Javier Pastore
64%
2014/2015 MF Javier Pastore
64%
2018/2019 DF Juan Bernat
64%
2019/2020 DF Juan Bernat
64%
2019/2020 (UCL F) DF Juan Bernat
64%
2012/2013 DF Maxwell
63%
2013/2014 DF Maxwell
63%
2014/2015 DF Maxwell
63%
2015/2016 DF Maxwell
63%
2020/2021 (UCL) MF Leandro Paredes
61%
2019/2020 ST Mauro Icardi
61%
2019/2020 (UCL F) ST Mauro Icardi
61%
2022/2023 MF Vitinha
61%
2020/2021 (UCL) MF Danilo Pereira
60%
2021/2022 MF Danilo Pereira
60%
2022/2023 MF Danilo Pereira
60%
2016/2017 DF Layvin Kurzawa
59%
2017/2018 DF Layvin Kurzawa
59%
2017/2018 DF Dani Alves
54%
2015/2016 MF Lucas Moura
51%
2016/2017 MF Lucas Moura
51%
2016/2017 DF Thomas Meunier
51%
2019/2020 DF Thomas Meunier
51%
2019/2020 (UCL F) DF Thomas Meunier
51%
2018/2019 DF Thilo Kehrer
47%
2020/2021 MF Ander Herrera
46%
2020/2021 (UCL) MF Ander Herrera
46%
2021/2022 MF Ander Herrera
46%
2019/2020 MF Idrissa Gana Gueye
46%
2019/2020 (UCL F) MF Idrissa Gana Gueye
46%
2020/2021 MF Idrissa Gana Gueye
46%
2012/2013 DF Alex
44%
2013/2014 DF Alex
44%
2012/2013 DF Gregory van der Wiel
44%
2013/2014 DF Gregory van der Wiel
44%
2014/2015 DF Gregory van der Wiel
44%
1992/1993 ST George Weah
42%
1993/1994 ST George Weah
42%
1994/1995 ST George Weah
42%
2003/2004 ST Pauleta
42%
2004/2005 ST Pauleta
42%
2005/2006 ST Pauleta
42%
2006/2007 ST Pauleta
42%
2007/2008 ST Pauleta
42%
2015/2016 DF Serge Aurier
42%
2010/2011 MF Nenê
39%
2011/2012 MF Nenê
39%
2011/2012 ST Jérémy Ménez
38%
2012/2013 ST Jérémy Ménez
38%
2009/2010 DF Christophe Jallet
37%
2010/2011 DF Christophe Jallet
37%
2011/2012 DF Christophe Jallet
37%
1992/1993 MF David Ginola
36%
1993/1994 MF David Ginola
36%
1994/1995 MF David Ginola
36%
2021/2022 MF Georginio Wijnaldum
36%
2008/2009 DF Mamadou Sakho
36%
2009/2010 DF Mamadou Sakho
36%
2010/2011 DF Mamadou Sakho
36%
2011/2012 DF Mamadou Sakho
36%
2019/2020 DF Abdou Diallo
34%
2008/2009 MF Claude Makélélé
34%
2009/2010 MF Claude Makélélé
34%
2010/2011 MF Claude Makélélé
34%
2000/2001 ST Nicolas Anelka
34%
2019/2020 ST Pablo Sarabia
33%
2020/2021 ST Moise Kean
32%
1993/1994 MF Raí
31%
1994/1995 MF Raí
31%
1995/1996 MF Raí
31%
1996/1997 MF Raí
31%
1997/98 UCL MF Raí
31%
2020/2021 DF Alessandro Florenzi
29%
2020/2021 (UCL) DF Alessandro Florenzi
29%
1998/1999 MF Jay-Jay Okocha
27%
1999/2000 MF Jay-Jay Okocha
27%
2001/2002 MF Jay-Jay Okocha
27%
2011/2012 ST Kévin Gameiro
27%
1980/1981 MF Luis Fernandez
25%
1981/1982 MF Luis Fernandez
25%
1982/1983 MF Luis Fernandez
25%
1983/1984 MF Luis Fernandez
25%
1984/1985 MF Luis Fernandez
25%
1985/1986 MF Luis Fernandez
25%
2008/2009 ST Guillaume Hoarau
24%
2009/2010 ST Guillaume Hoarau
24%
2010/2011 ST Guillaume Hoarau
24%
2001/2002 DF Mauricio Pochettino
24%
2002/2003 DF Mauricio Pochettino
24%
2003/2004 DF Bernard Mendy
23%
2004/2005 DF Bernard Mendy
23%
2005/2006 DF Bernard Mendy
23%
2006/2007 DF Bernard Mendy
23%
2009/2010 MF Ludovic Giuly
23%
2010/2011 MF Ludovic Giuly
23%
2001/2002 MF Mikel Arteta
23%
1995/1996 MF Youri Djorkaeff
23%
2017/2018 MF Giovani Lo Celso
22%
2020/2021 DF Mitchel Bakker
22%
2020/2021 (UCL) DF Mitchel Bakker
22%
2007/2008 DF Zoumana Camara
21%
2008/2009 DF Zoumana Camara
21%
2009/2010 DF Zoumana Camara
21%
2006/2007 MF Clément Chantôme
20%
2007/2008 MF Clément Chantôme
20%
2010/2011 MF Clément Chantôme
20%
1999/2000 MF Aliou Cissé
19%
2004/2005 MF Édouard Cissé
19%
2005/2006 MF Édouard Cissé
19%
2006/2007 MF Édouard Cissé
19%
2004/2005 DF Sylvain Armand
19%
2005/2006 DF Sylvain Armand
19%
2006/2007 DF Sylvain Armand
19%
2007/2008 DF Sylvain Armand
19%
2008/2009 DF Sylvain Armand
19%
2009/2010 DF Sylvain Armand
19%
2010/2011 DF Sylvain Armand
19%
1980/1981 ST Dominique Rocheteau
17%
1982/1983 MF Dominique Rocheteau
17%
1983/1984 ST Dominique Rocheteau
17%
1984/1985 ST Dominique Rocheteau
17%
1985/1986 ST Dominique Rocheteau
17%
1986/1987 ST Dominique Rocheteau
17%
2007/2008 ST Péguy Luyindula
17%
2008/2009 ST Péguy Luyindula
17%
2005/2006 MF Jérôme Rothen
16%
2006/2007 MF Jérôme Rothen
16%
2007/2008 MF Jérôme Rothen
16%
2008/2009 MF Jérôme Rothen
16%
1991/1992 MF Paul Le Guen
16%
1992/1993 MF Paul Le Guen
16%
1993/1994 MF Paul Le Guen
16%
1994/1995 MF Paul Le Guen
16%
1995/1996 MF Paul Le Guen
16%
1996/1997 MF Paul Le Guen
16%
1997/98 UCL MF Paul Le Guen
16%
2020/2021 MF Rafinha
16%
2001/2002 DF Gabriel Heinze
15%
2002/2003 DF Gabriel Heinze
15%
2003/2004 DF Gabriel Heinze
15%
1983/1984 MF Safet Sušić
15%
1984/1985 MF Safet Sušić
15%
1985/1986 MF Safet Sušić
15%
1986/1987 MF Safet Sušić
15%
1988/1989 MF Safet Sušić
15%
1989/1990 MF Safet Sušić
15%
1990/1991 ST Safet Sušić
15%
1992/1993 MF Vincent Guérin
15%
1993/1994 MF Vincent Guérin
15%
1994/1995 MF Vincent Guérin
15%
1995/1996 MF Vincent Guérin
15%
1996/1997 MF Vincent Guérin
15%
2004/2005 DF Mario Yepes
14%
2005/2006 DF Mario Yepes
14%
2006/2007 DF Mario Yepes
14%
2007/2008 DF Mario Yepes
14%
1998/1999 ST Bruno Rodriguez
13%
1996/1997 MF Leonardo
13%
2011/2012 MF Mathieu Bodmer
13%
2009/2010 ST Mevlüt Erdinç
13%
2010/2011 ST Mevlüt Erdinç
13%
1991/1992 DF Ricardo Gomes
13%
1992/1993 DF Ricardo Gomes
13%
1993/1994 DF Ricardo Gomes
13%
1990/1991 DF Antoine Kombouaré
12%
1991/1992 DF Antoine Kombouaré
12%
1994/1995 DF Antoine Kombouaré
12%
2007/2008 MF Jérémy Clément
12%
2008/2009 MF Jérémy Clément
12%
2009/2010 MF Jérémy Clément
12%
2003/2004 MF Lorik Cana
12%
2004/2005 MF Lorik Cana
12%
1975/1976 ST Mustapha Dahleb
12%
1976/1977 ST Mustapha Dahleb
12%
1977/1978 ST Mustapha Dahleb
12%
1979/1980 ST Mustapha Dahleb
12%
1981/1982 MF Mustapha Dahleb
12%
1982/1983 ST Mustapha Dahleb
12%
1991/1992 MF Valdo
12%
1992/1993 MF Valdo
12%
1993/1994 MF Valdo
12%
1989/1990 MF Daniel Bravo
11%
1990/1991 MF Daniel Bravo
11%
1994/1995 MF Daniel Bravo
11%
1995/1996 MF Daniel Bravo
11%
2002/2003 MF Fabrice Fiorèse
11%
2003/2004 MF Fabrice Fiorèse
11%
2000/2001 DF Frédéric Déhu
11%
2001/2002 DF Frédéric Déhu
11%
2002/2003 DF Frédéric Déhu
11%
2003/2004 DF Frédéric Déhu
11%
2005/2006 MF Vikash Dhorasoo
11%
1999/2000 MF Laurent Robert
10%
2000/2001 MF Laurent Robert
10%
2006/2007 ST Amara Diané
9%
1995/1996 DF Bruno N'Gotty
9%
1996/1997 DF Bruno N'Gotty
9%
1997/98 UCL DF Bruno N'Gotty
9%
2007/2008 DF Ceará
9%
2008/2009 DF Ceará
9%
1988/1989 MF Christian Pérez
9%
1989/1990 MF Christian Pérez
9%
1990/1991 MF Christian Pérez
9%
1991/1992 MF Christian Pérez
9%
2007/2008 ST Amara Diané
9%
1991/1992 MF Laurent Fournier
9%
1992/1993 MF Laurent Fournier
9%
1995/1996 DF Laurent Fournier
9%
1997/98 UCL MF Laurent Fournier
9%
1997/1998 ST Marco Simone
9%
1998/1999 ST Marco Simone
9%
2010/2011 DF Siaka Tiéné
9%
2011/2012 DF Siaka Tiéné
9%
2008/2009 MF Stéphane Sessègnon
9%
2009/2010 MF Stéphane Sessègnon
9%
2005/2006 ST Bonaventure Kalou
8%
2006/2007 ST Bonaventure Kalou
8%
2003/2004 ST Danijel Ljuboja
8%
2004/2005 ST Danijel Ljuboja
8%
1997/98 UCL ST Florian Maurice
8%
1976/1977 DF Jean-Marc Pilorget
8%
1977/1978 DF Jean-Marc Pilorget
8%
1978/1979 DF Jean-Marc Pilorget
8%
1979/1980 DF Jean-Marc Pilorget
8%
1980/1981 DF Jean-Marc Pilorget
8%
1981/1982 DF Jean-Marc Pilorget
8%
1982/1983 DF Jean-Marc Pilorget
8%
1985/1986 DF Jean-Marc Pilorget
8%
1986/1987 DF Jean-Marc Pilorget
8%
1988/1989 DF Jean-Marc Pilorget
8%
1997/98 UCL DF Jérôme Leroy
8%
2000/2001 MF Jérôme Leroy
8%
2002/2003 MF Jérôme Leroy
8%
1991/1992 DF Patrick Colleter
8%
1992/1993 DF Patrick Colleter
8%
1993/1994 DF Patrick Colleter
8%
1994/1995 DF Patrick Colleter
8%
1995/1996 DF Patrick Colleter
8%
1978/1979 MF Armando Bianchi
7%
1979/1980 ST Boubacar Sarr
7%
1980/1981 ST Boubacar Sarr
7%
1981/1982 ST Boubacar Sarr
7%
1977/1978 ST Carlos Bianchi
7%
1978/1979 ST Carlos Bianchi
7%
1998/1999 MF Éric Rabésandratana
7%
1999/2000 DF Éric Rabésandratana
7%
2000/2001 MF Éric Rabésandratana
7%
2004/2005 MF Fabrice Pancrate
7%
1975/1976 ST François M'Pele
7%
1976/1977 ST François M'Pele
7%
1977/1978 ST François M'Pele
7%
1978/1979 ST François M'Pele
7%
1990/1991 DF Jocelyn Angloma
7%
2003/2004 DF Juan Pablo Sorín
7%
1995/1996 ST Julio Dely Valdés
7%
1996/1997 DF Julio Dely Valdés
7%
2011/2012 DF Milan Biševac
7%
2003/2004 MF Modeste M'Bami
7%
2004/2005 MF Modeste M'Bami
7%
2005/2006 MF Modeste M'Bami
7%
1992/1993 DF Alain Roche
6%
1993/1994 DF Alain Roche
6%
1994/1995 DF Alain Roche
6%
1997/98 UCL DF Alain Roche
6%
1999/2000 MF Ali Benarbia
6%
1991/1992 MF Bruno Germain
6%
1999/2000 ST Christian
6%
2000/2001 ST Christian
6%
1997/98 UCL DF Didier Domi
6%
1978/1979 MF Dominique Bathenay
6%
1979/1980 MF Dominique Bathenay
6%
1980/1981 MF Dominique Bathenay
6%
1981/1982 MF Dominique Bathenay
6%
1982/1983 MF Dominique Bathenay
6%
1983/1984 MF Dominique Bathenay
6%
1984/1985 MF Dominique Bathenay
6%
1983/1984 DF Gérard Janvion
6%
1984/1985 DF Gérard Janvion
6%
1992/1993 DF Jean-Luc Sassus
6%
1993/1994 DF Jean-Luc Sassus
6%
1978/1979 MF Jean-Michel Larqué
6%
2001/2002 ST Aloísio
5%
2002/2003 ST Aloísio
5%
1991/1992 ST Amara Simba
5%
1979/1980 MF Jean-Claude Lemoult
5%
1981/1982 DF Jean-Claude Lemoult
5%
1982/1983 DF Jean-Claude Lemoult
5%
1983/1984 MF Jean-Claude Lemoult
5%
1984/1985 MF Jean-Claude Lemoult
5%
1996/1997 DF Jimmy Algerino
5%
1998/1999 DF Jimmy Algerino
5%
1999/2000 DF Jimmy Algerino
5%
2000/2001 DF Jimmy Algerino
5%
2003/2004 DF J.-K. Pierre-Fanfan
5%
2004/2005 DF J.-K. Pierre-Fanfan
5%
1995/1996 ST Patrice Loko
5%
1996/1997 ST Patrice Loko
5%
1981/1982 DF Raymond Domenech
5%
1986/1987 ST Vahid Halilhodžić
5%
1986/1987 DF William Ayache
5%
1987/1988 ST Daniel Xuereb
4%
1988/1989 ST Daniel Xuereb
4%
2005/2006 DF David Rozehnal
4%
2006/2007 DF David Rozehnal
4%
1985/1986 MF Fabrice Poullain
4%
1986/1987 MF Fabrice Poullain
4%
1987/1988 MF Fabrice Poullain
4%
2001/2002 MF Hugo Leal
4%
2002/2003 MF Hugo Leal
4%
1981/1982 ST Ivica Šurjak
4%
1994/1995 DF José Cobos
4%
1985/1986 MF Oumar Sène
4%
1986/1987 MF Oumar Sène
4%
1987/1988 MF Oumar Sène
4%
1988/1989 MF Oumar Sène
4%
1989/1990 MF Oumar Sène
4%
1990/1991 MF Oumar Sène
4%
2000/2001 MF Peter Luccin
4%
1983/1984 MF Alain Couriol
3%
1984/1985 MF Alain Couriol
3%
1998/1999 DF Alain Goma
3%
1998/1999 DF Christian Wörns
3%
1975/1976 DF Dominique Lokoli
3%
1976/1977 DF Dominique Lokoli
3%
1977/1978 DF Dominique Lokoli
3%
1978/1979 DF Dominique Lokoli
3%
1975/1976 DF Éric Renaut
3%
1976/1977 DF Éric Renaut
3%
1977/1978 DF Éric Renaut
3%
1978/1979 DF Éric Renaut
3%
1979/1980 DF Éric Renaut
3%
1980/1981 DF Éric Renaut
3%
1997/98 UCL MF Franck Gava
3%
1983/1984 DF Franck Tanasi
3%
1986/1987 DF Franck Tanasi
3%
1987/1988 DF Franck Tanasi
3%
1988/1989 DF Franck Tanasi
3%
1989/1990 DF Franck Tanasi
3%
1990/1991 DF Franck Tanasi
3%
1977/1978 ST François Brisson
3%
1978/1979 MF François Brisson
3%
1987/1988 MF Gabriel Calderón
3%
1988/1989 MF Gabriel Calderón
3%
1989/1990 MF Gabriel Calderón
3%
1991/1992 DF Geraldão
3%
1998/1999 MF Igor Yanovski
3%
1999/2000 MF Igor Yanovski
3%
1987/1988 MF Jean-F. Charbonnier
3%
1988/1989 MF Jean-F. Charbonnier
3%
1989/1990 MF Jean-F. Charbonnier
3%
1979/1980 MF Jean-Noël Huck
3%
1980/1981 MF Jean-Noël Huck
3%
1977/1978 DF Jean-Pierre Adams
3%
1978/1979 DF Jean-Pierre Adams
3%
1975/1976 MF Jean-Pierre Tokoto
3%
1976/1977 MF Jean-Pierre Tokoto
3%
1982/1983 ST Kees Kist
3%
2001/2002 DF Lionel Potillon
3%
2002/2003 DF Lionel Potillon
3%
1985/1986 DF Michel Bibard
3%
1987/1988 DF Michel Bibard
3%
1988/1989 DF Michel Bibard
3%
1989/1990 DF Michel Bibard
3%
1980/1981 ST Nabatingue Toko
3%
1981/1982 ST Nabatingue Toko
3%
1982/1983 ST Nabatingue Toko
3%
1982/1983 DF Pascal Zaremba
3%
1983/1984 MF Pascal Zaremba
3%
1984/1985 DF Philippe Jeannol
3%
1985/1986 DF Philippe Jeannol
3%
1986/1987 DF Philippe Jeannol
3%
1987/1988 DF Philippe Jeannol
3%
1988/1989 DF Philippe Jeannol
3%
1990/1991 DF Philippe Jeannol
3%
1976/1977 MF Philippe Redon
3%
1977/1978 MF Philippe Redon
3%
1985/1986 ST Pierre Vermeulen
3%
2000/2001 DF Sylvain Distin
3%
1999/2000 DF Talal El Karkouri
3%
1979/1980 DF Thierry Morin
3%
1980/1981 DF Thierry Morin
3%
1981/1982 DF Thierry Morin
3%
1989/1990 ST Zlatko Vujović
3%
1990/1991 ST Zlatko Vujović
3%
2001/2002 DF Cristóbal
2%
2002/2003 DF Cristóbal
2%
1984/1985 MF Gérard Lanthier
2%
1975/1976 DF Humberto Coelho
2%
1975/1976 MF Jacky Laposte
2%
1976/1977 MF Jacky Laposte
2%
1975/1976 DF Jacky Novi
2%
1976/1977 DF Jacky Novi
2%
1986/1987 ST Jules Bocandé
2%
1987/1988 ST Liazid Sandjak
2%
1998/1999 DF Pierre Ducrocq
2%
1999/2000 DF Pierre Ducrocq
2%
2000/2001 DF Pierre Ducrocq
2%
1984/1985 DF Thierry Bacconnier
2%
1985/1986 DF Thierry Bacconnier
2%
1987/1988 DF Thierry Rabat
2%
1989/1990 DF Thierry Rabat
2%
1982/1983 DF Yannick Guillochon
2%
1983/1984 DF Yannick Guillochon
2%
1979/1980 DF Abel Braga
1%
1980/1981 DF Abel Braga
1%
1996/1997 MF Benoît Cauet
1%
1975/1976 MF Denis Bauda
1%
1975/1976 MF Francis Piasecki
1%
1976/1977 MF Francis Piasecki
1%
1996/1997 DF Kenedy
1%
1990/1991 MF Pierre Reynaud
1%
1977/1978 DF Ramón Heredia
1%
1998/1999 MF Yann Lachuer
1%
1979/1980 MF João Alves
0%
No matching quizzes found
Score Distribution
Percent of People with Each Score
Percentile by Number Answered
Your Score History
You have not taken this quiz since the last reset